Biblioteca

The Smyth & Helwys Bible commentary (Registro nro. 67604)

Detalles MARC
000 -LÍDER
Campo fijo de descripción fija 02086cam a2200469 i 4500
001 - NÚMERO DE CONTROL
Campo de control 768714001
003 - IDENTIFICADOR DEL NÚMERO DE CONTROL
Campo de control CO-MdFUSB
005 - FECHA Y HORA DE LA ULTIMA TRANSACCIÓN
control field 20220622062542.0
007 - CAMPO FIJO DE DESCRIPCIÓN FIJA--INFORMACIÓN GENERAL
Campo fijo de descripción fija ta
008 - ELEMENTOS DE LONGITUD FIJA -- INFORMACIÓN GENERAL
Campo fijo de descripción fija -- Información general 060918t2006 gaua b 001 0 eng
020 ## - NÚMERO INTERNACIONAL NORMALIZADO PARA LIBROS
Número Internacional Normalizado del libro 1573120677
020 ## - NÚMERO INTERNACIONAL NORMALIZADO PARA LIBROS
Número Internacional Normalizado del libro 1573120723
020 ## - NÚMERO INTERNACIONAL NORMALIZADO PARA LIBROS
Número Internacional Normalizado del libro 1573120618
020 ## - NÚMERO INTERNACIONAL NORMALIZADO PARA LIBROS
Número Internacional Normalizado del libro 1573120642
020 ## - NÚMERO INTERNACIONAL NORMALIZADO PARA LIBROS
Número Internacional Normalizado del libro 1573120650
020 ## - NÚMERO INTERNACIONAL NORMALIZADO PARA LIBROS
Número Internacional Normalizado del libro 1573120693
020 ## - NÚMERO INTERNACIONAL NORMALIZADO PARA LIBROS
Número Internacional Normalizado del libro 1573120723
040 ## - FUENTE DE CATALOGACIÓN
Agencia de catalogación original DLC
Idioma de catalogación eng
Agencia que realiza la transcripción CO-MdFUSB
Agencia que realiza la modificación C#P
-- YDXCP
-- BTCTA
-- OCLCG
-- BAKER
-- HEBIS
-- OCLCQ
-- XPQ
-- OCLCO
-- OCLCA
-- OCLCQ
-- OCLCA
-- OCLCF
-- FPD*
Convenciones de la descripción rda
041 ## - CÓDIGO DE IDIOMA
Código de idioma para texto/pista de sonido o título separado eng
082 ## - NÚMERO DE CLASIFICACIÓN DECIMAL DEWEY
Número de la edición del Dewey 23
Número de clasificación 223.107
Clave de autor-Numero de item B183
100 1# - ASIENTO PRINCIPAL--NOMBRE PERSONAL
Nombre personal Balentine, Samuel E.
Fechas asociadas con el nombre 1950-
245 10 - TÍTULO
Título del Material The Smyth & Helwys Bible commentary
Mención de responsabilidad, etc. / Biddle, Mark E …[y otros cinco autores]
264 #1 - PRODUCCIÓN, PUBLICACIÓN, DISTRIBUCIÓN, MANUFACTURA, Y COPYRIGHT
Lugar de producción, publicación, distribución, manufactura Macon, Ga. :
Nombre del productor, publicador, distribuidor Smyth and Helwys Publishing,
Fecha de producción, publicación, distribución, manufactura, o copyright [2006]
264 #4 - PRODUCCIÓN, PUBLICACIÓN, DISTRIBUCIÓN, MANUFACTURA, Y COPYRIGHT
Fecha de producción, publicación, distribución, manufactura, o copyright © 2006
300 ## - DESCRIPCIÓN FÍSICA
Extensión 6 volumenes :
Otros detalles físicos ilustraciones ;
Dimensiones 27 cm.
Material acompañante CD ROOM
336 ## - TIPO DE CONTENIDO
Término de tipo de contenido texto
Código de tipo de contenido txt
Fuente rdacontent.
337 ## - TIPO DE MEDIO
Nombre del tipo de medio sin mediación
Código del tipo de medio n
Fuente rdamedia.
338 ## - TIPO DE SOPORTE
Nombre del tipo de soporte volumen
Código Tipo de soporte nc
Fuente rdacarrier.
490 ## - MENCIÓN DE SERIE
Mención de serie The Smyth & Helwys Bible commentary.
505 ## - NOTA DE CONTENIDO
Nota de contenido con formato preestablecido Levítico-Números (v. 3) / Lloyd R. Bailey -- Deuteronomio (v. 4) / Mark E. Biddle -- 1 y 2 Samuel (v. 7) / Tony W. Cartledge -- 1 y 2 Reyes (v 8) / Walter Brueggemann -- Job (v. 10) / Samuel E. Balentine -- Proverbios -- Eclesiastés (v. 12) / Milton P. Horne -- Isaías 1-39 (v. 14a) / Patricia K. Tull -- Jeremías (v. 15) / Terence E. Fretheim -- Ezequiel (v. 16) / Margaret S. Odell -- Daniel (v. 17) / Sharon Pace -- Oseas -- Jonás: el libro de los doce (v. 18a) / James D. Nogalski -- Miqueas -- Malaquías : el libro de los doce (v. 18b) / James D. Nogalski
563 ## - NOTA DE ENCUADERNACIÓN
Nota de encuadernación Pasta dura
630 07 - TITULO UNIFORME
Título uniforme Biblia.
Nombre de parte o sección de la obra Antiguo Testamento
700 ## - ASIENTO SECUNDARIO - NOMBRE PERSONAL
9 (RLIN) 6472
Nombre personal Cartledge, Tony W.
Responsabilidad autor
700 1# - ASIENTO SECUNDARIO - NOMBRE PERSONAL
9 (RLIN) 507
Nombre personal Brueggemann, Walter
Fechas asociadas con el nombre 1933-
Responsabilidad autor
700 ## - ASIENTO SECUNDARIO - NOMBRE PERSONAL
9 (RLIN) 6473
Nombre personal Balentine, Samuel E.
Responsabilidad autor
700 ## - ASIENTO SECUNDARIO - NOMBRE PERSONAL
9 (RLIN) 6474
Nombre personal Horne, Milton P. ‎
Responsabilidad autor
700 ## - ASIENTO SECUNDARIO - NOMBRE PERSONAL
9 (RLIN) 6475
Nombre personal Fretheim, Terence E. ‎
Responsabilidad autor
700 ## - ASIENTO SECUNDARIO - NOMBRE PERSONAL
Nombre personal Biddle, Mark E. ‎
Responsabilidad autor
9 (RLIN) 6494
942 ## - TIPO DE MATERIAL (KOHA)
Tipo de Item KOHA Libros General
945 ## - INFORMACIÓN LOCAL DEL REGISTRO
Catalogador JTF-925
Existencias
Estado de Material Estado de Perdido Forma de Clasificación Estado de Dañado No para Préstamo Colección Biblioteca de Origen Biblioteca Permanente Fecha de Adquisición Área Total de Préstamos Signatura Topográfica Código de Barras Última vez visto Ejemplar/Existencia Tipo de Material Fecha de Remplazo
    Dewey Decimal Classification     Colección de Referencia Biblioteca FUSBC Biblioteca FUSBC 29/04/2022 BIBLIA   R 221.7 SM667 21720 25/10/2023 Vol. 20, ej. 1 Libros de Referencia  
    Dewey Decimal Classification     Colección de Referencia Biblioteca FUSBC Biblioteca FUSBC 29/04/2022 BIBLIA   R 221.7 SM667 24912 30/03/2022 Vol. 15, ej. 1 Libros de Referencia 30/03/2022
    Dewey Decimal Classification     Colección de Referencia Biblioteca FUSBC Biblioteca FUSBC 29/04/2022 BIBLIA   R 221.7 SM667 24909 20/05/2024 Vol. 5, ej. 1 Libros de Referencia 29/04/2022
    Dewey Decimal Classification     Colección de Referencia Biblioteca FUSBC Biblioteca FUSBC 29/04/2022 BIBLIA   R 221.7 SM667 24910 26/05/2025 Vol. 9, ej. 1 Libros de Referencia 29/04/2022
    Dewey Decimal Classification     Colección de Referencia Biblioteca FUSBC Biblioteca FUSBC 29/04/2022 BIBLIA   R 221.7 SM667 24911 16/04/2025 Vol. 10, ej. 1 Libros de Referencia 29/04/2022
    Dewey Decimal Classification     Colección de Referencia Biblioteca FUSBC Biblioteca FUSBC 29/04/2022 BIBLIA   R 221.7 SM667 24913 05/11/2025 Vol. 17, ej. 1 Libros de Referencia 30/03/2022

Biblioteca FUSBC | Teléfono: (57+4) 349 88 10 Ext. 141| WhatsApp (+57) 3005338115 
E-mail: biblioteca@unisbc.edu.co | Calle 76 87-14 Robledo Palenque, Medellín, Colombia

Con tecnología Koha